Normal view
MARC view
- Temes, Gabor C.,
Entry Personal Name
001 - CONTROL NUMBER
- control field: 97029
003 - CONTROL NUMBER IDENTIFIER
- control field: NUST
005 - DATE AND TIME OF LATEST TRANSACTION
- control field: 20220812152032.0
008 - FIXED-LENGTH DATA ELEMENTS
- fixed length control field: 220812|| aca||aabn | a|a d
040 ## - CATALOGING SOURCE
- Original cataloging agency: NUST
- Transcribing agency: NUST
100 ## - HEADING--PERSONAL NAME
- Personal name: Temes, Gabor C.,
- Dates associated with a name: 1929-
670 ## - SOURCE DATA FOUND
- Source citation: Work cat.: (NUST)175728: Schreier, Richard, 97028, Understanding delta-sigma data converters /, c2005.
